Normal view MARC view
  • EdD, karres Shearin. V Erika

Entry Personal Name

Number of records used in: 1

001 - CONTROL NUMBER

  • control field: 122936

003 - CONTROL NUMBER IDENTIFIER

  • control field: NUST

005 - DATE AND TIME OF LATEST TRANSACTION

  • control field: 20240527121239.0

008 - FIXED-LENGTH DATA ELEMENTS

  • fixed length control field: 240527|| aca||aabn | a|a d

040 ## - CATALOGING SOURCE

  • Original cataloging agency: NUST
  • Transcribing agency: NUST

100 ## - HEADING--PERSONAL NAME

  • Personal name: EdD, karres Shearin. V Erika

670 ## - SOURCE DATA FOUND

  • Source citation: Work cat.: (NUST): EdD, karres Shearin. V Erika, Raising Girls, 2017
© 2023 Central Library, National University of Sciences and Technology. All Rights Reserved.